100 Most Subscribed to Youtube Channels - Statistics

General Stats
  • This quiz has been taken 26 times
  • The average score is 17 of 100
Answer Stats
Rank Channel % Correct
2 Pewdiepie
91%
1 T-Series
68%
6 Justin Bieber
55%
21 Katy Perry
41%
22 Taylor Swift
41%
3 5-Minute Crafts
36%
9 Dude Perfect
36%
10 HolaSoyGerman
36%
26 Rihanna
36%
46 Smosh
36%
16 Ariana Grande
32%
42 Bruno Mars
32%
12 Ed Sheeran
32%
40 Luis Fonsi
32%
27 One Direction
32%
73 nigahiga
27%
8 WWE
27%
11 Badabun
23%
84 KSI
23%
20 Marshmello
23%
39 Movieclips
23%
77 Selena Gomez
23%
38 Shakira
23%
56 BLACKPINK
18%
7 Cocomelon-Nursery Rhymes
18%
74 Daddy Yankee
18%
72 DanTDM
18%
85 David Guetta
18%
23 Fernanfloo
18%
68 jacksepticeye
18%
79 J Balvin
18%
19 JustinBieberVEVO
18%
47 Kids Diana Show
18%
52 Markiplier
18%
35 Maroon 5
18%
69 Ninja
18%
5 SET India
18%
28 TaylorSwiftVEVO
18%
25 TheEllenShow
18%
44 VanossGaming
18%
15 Zee Music Company
18%
29 Zee TV
18%
45 Alan Walker
14%
36 BRIGHT SIDE
14%
4 Canal Kondzilla
14%
75 El Reino Infantil
14%
17 elrubiusOMG
14%
98 FBE
14%
24 Felipe Neto
14%
55 Get Movies
14%
43 ibighit
14%
18 JuegaGerman
14%
32 KatyPerryVEVO
14%
59 Luisito Comunica
14%
48 Ozuna
14%
33 RihannaVEVO
14%
71 shane
14%
41 Sony Music India
14%
49 Voce Sabia
14%
51 Wave Music
14%
14 whinderssonnunes
14%
53 Yuya
14%
87 Adele
9%
62 Chu Chu TV Nursery Rhymes & Kids Songs
9%
13 EminemMusic
9%
31 EminemVEVO
9%
83 enchufetv
9%
65 Goldmines Telefilms
9%
86 JennaMarbles
9%
64 Like Nastya Vlog
9%
76 Masha and the bear
9%
89 shakiraVEVO
9%
78 SonyMusicIndiaVEVO
9%
37 Spinnin' Records
9%
54 ToyPudding TV
9%
34 Trap Nation
9%
30 VEGETTA777
9%
96 Vlad and Nikita
9%
92 YRF
9%
97 ArianaGrandeVEVO
5%
57 Billion Surpise Toys- BST Nursery Rhymes
5%
61 GR6 EXPLODE
5%
100 LosPolinesios
5%
58 OneDirectionVEVO
5%
60 rezendeevil
5%
94 Ryan ToysReview
5%
67 Shemaroo Filmi Gaane
5%
66 Speed Records
5%
82 WatchMojo.com
5%
63 WorkpointOfficial
5%
99 BuzzFeedVideo
0%
88 CVS 3D Rhymes
0%
95 Logan Paul Vlogs
0%
50 LUCCES NETO - LUNES
0%
91 Maluma
0%
70 NoCopyrightSounds
0%
93 The Late Late Show with James Corden
0%
80 The Tonight Show Starring Jimmy Fallon
0%
81 WORLDSTARHIPHOP
0%
90 XXXTENACION
0%
No matching quizzes found
Score Distribution
Percent of People with Each Score
Percentile by Number Answered
Your Score History
You have not taken this quiz